Rušenie nelineárnych úloh s úplnými maticami tuhosti : Dát. obhaj. 15.7.2010, č. ved. odb. 39-01-9
Salvato in:
| Autore principale: | |
|---|---|
| Altri autori: | |
| Natura: | Manoscritto Libro |
| Lingua: | slovacco |
| Pubblicazione: |
Bratislava :
STU v Bratislave FEI,
2010
|
| Soggetti: | |
| Tags: |
Nessun Tag, puoi essere il primo ad aggiungerne!!
|
MARC
| LEADER | 00000ntm a22000003a 4500 | ||
|---|---|---|---|
| 001 | stu211031 | ||
| 005 | 20200714082650.6 | ||
| 008 | 100920s2010------------------------slo-d | ||
| 040 | |a STU |b slo | ||
| 041 | 0 | |a slo | |
| 100 | 1 | |a Ďuriš, Rastislav, |d 1971- |4 aut |u M2000 |U MTF Materiálovotechnologická fakulta |T MTF Ústav výrobných systémov a aplikovanej mechaniky |X 4163 |U M2000 |Y 82 |7 A000004163 | |
| 245 | 1 | |a Rušenie nelineárnych úloh s úplnými maticami tuhosti : |b Dát. obhaj. 15.7.2010, č. ved. odb. 39-01-9 | |
| 260 | |a Bratislava : |b STU v Bratislave FEI, |c 2010 | ||
| 300 | |a 159 s |c príl. | ||
| 650 | 7 | |a aplikovaná matematika |2 stusub | |
| 650 | 7 | |a nelineárne úlohy |2 stusub | |
| 650 | 7 | |a Matice špeciálne |2 stusub | |
| 700 | 1 | |a Murín, Justín, |d 1951- |4 ths |u E020 |U FEI Fakulta elektrotechniky a informatiky |T FEI Ústav elektroenergetiky a aplikovanej elektrotechniky |X 1830 |U E020 |Y 548 |7 A000001830 | |
| 996 | |b 284ED01283 |c E*ZP-147 |l EE01 |s A |a 24 |w stu211031_0001 | ||